Mirades al mobiliari : catàleg de l'exposició permanent = Miradas al mobiliario : catálogo de la exposición permanente = Perspectives on the furniture : catalogue of the permanent exhibition / catàleg de l'exposició permanent = Miradas al mobiliario : catálogo de la exposición permanente = Perspectives on the furniture : catalogue of the permanent exhibition /
MARC
| LEADER | 00000nam a2200000 a 4500 | ||
|---|---|---|---|
| 001 | 25716 | ||
| 005 | 20260324181116.0 | ||
| 008 | 160329s2015 spc|||| |||| 0|0 0 cat| | ||
| 017 | |a DL B 14057-2015 |b Biblioteca de Catalunya | ||
| 020 | |a 9788498037180 | ||
| 041 | 0 | |a cat |a spa |a eng | |
| 043 | |a e-sp--- |b e-spcba |2 catmarc | ||
| 080 | |a Bib-593 | ||
| 110 | 2 | |a Palau Güell (Barcelona) |9 17034 | |
| 245 | 1 | 0 | |a Mirades al mobiliari : |b catàleg de l'exposició permanent = Miradas al mobiliario : catálogo de la exposición permanente = Perspectives on the furniture : catalogue of the permanent exhibition / |c [traduccions: Ainhoa Olarte] |
| 246 | 3 | 1 | |a Miradas al mobiliario |
| 246 | 3 | 1 | |a Perspectives on the furniture |
| 250 | |a Primera edició | ||
| 260 | |a Barcelona : |b Diputació de Barcelona, |c novembre de 2015 | ||
| 300 | |a 52 pàgines : |b il·lustracions ; |c 20 cm | ||
| 490 | 1 | |a El Palau Güell a fons ; |v 1 | |
| 546 | |a Text en català, castellà i anglès | ||
| 610 | 2 | 0 | |a Palau Güell (Barcelona) |2 lemac |9 53149 |v Catàlegs |
| 650 | 0 | |a Modernisme (Art) |z Barcelona (Catalunya) |x Catàlegs |2 lemac |9 53150 | |
| 650 | 0 | |a Mobles modernistes |z Barcelona (Catalunya) |x Catàlegs |2 lemac |9 53151 | |
| 710 | 1 | |a Barcelona (Catalunya : Província). |b Diputació |9 52408 | |
| 830 | 0 | |a Palau Güell a fons ; |v 1 | |
| 940 | |a BC | ||
| 942 | |2 udc |c ARXIU |n 1 | ||
| 952 | |0 0 |1 0 |4 0 |6 BIB593 |7 1 |9 62106 |a Arxiu |b Arxiu |d 2022-05-31 |l 0 |o Bib-593 |p 25716 |r 2022-05-31 00:00:00 |w 2022-05-31 |y ARXIU | ||
| 999 | |c 81812 |d 81812 | ||